Estados e Territórios da Austrália - Statistics

Estatísticas Gerais
  • Esse quiz foi jogado 16 vezes
  • A pontuação média é 6 de 20
Estatísticas das Respostas
Tipo / Categoria Nome / Designação % Correto
Estado Tasmânia
85%
Estado Queensland
69%
Estado Austrália Ocidental
54%
Estado Nova Gales do Sul
54%
Estado Victoria
54%
Estado Austrália Meridional / Austrália do Sul
46%
Território Interno Território do Norte
46%
Território Externo (ilha) Ilha Christmas /Ilha do Natal
23%
Território Interno Território daCapital Australiana
23%
Área Não Incorporada (ilha) Ilha de Lord Howe(Nova Gales do Sul)
15%
Território Externo (ilha) Ilha Norfolk
15%
Território Externo(arquipélago) Ilhas Cocos (Keeling)
15%
Território Externo Território Antártico Australiano
15%
Territórios Indígenas Áreas Protegidas Indígenas / Terras Aborígenes
8%
Território Externo (grupo de ilhas) Ilha Heard e Ilhas McDonald
8%
Possessão (ilha) Ilha Macquarie (Tasmânia)
8%
Território Externo(grupo de ilhas) Ilhas Ashmore e Cartier
8%
Região Autónoma (arquipélago) Ilhas do Estreito de Torres
8%
Território Externo (grupo de ilhas) Ilhas do Mar de Coral
8%
Território Interno Território da Baía de Jervis
8%
Nenhum quiz correspondente encontrado
Distribuição das Pontuações
Porcentagem de Pessoas com Cada Pontuação
Percentil de Números Respondidos
Sua Pontuação Histórica
Você não jogou esse quiz